Connecting England (Record no. 105455)
[ view plain ]
| 000 -LEADER | |
|---|---|
| fixed length control field | 01389cam a2200205 4500 |
| 001 - CONTROL NUMBER | |
| control field | ##L133704 |
| 008 - FIXED-LENGTH DATA ELEMENTS--GENERAL INFORMATION | |
| fixed length control field | 060605n2006 000 0 eng u |
| 035 ## - SYSTEM CONTROL NUMBER | |
| System control number | (Sirsi) u133704 |
| 041 0# - LANGUAGE CODE | |
| Language code of text/sound track or separate title | eng |
| 050 04 - LIBRARY OF CONGRESS CALL NUMBER | |
| Classification number | 711.52 $2 18 |
| 110 2# - MAIN ENTRY--CORPORATE NAME | |
| Corporate name or jurisdiction name as entry element | Town and Country Planning Association |
| Subordinate unit | Hetherington Commission on the Future Development Needs and Priorities of England |
| 9 (RLIN) | 4942 |
| 245 00 - TITLE STATEMENT | |
| Title | Connecting England |
| Remainder of title | a framework for regional development: final report of the TCPA-appointed Hetherington Commission on the Future Development Needs and Priorities of England |
| 260 ## - PUBLICATION, DISTRIBUTION, ETC. | |
| Place of publication, distribution, etc. | London |
| Name of publisher, distributor, etc. | TCPA |
| Date of publication, distribution, etc. | 2006 |
| 520 ## - SUMMARY, ETC. | |
| Summary, etc. | Argues the urgent need to create a development framework for England. Wales, Scotland, Northern Ireland and most western European countries already have one. The commission recommends creating a nationally agreed infrastructure framework, managing the regional impacts of local decisions, region-proofing government investment decisions, ensuring best value in Whitehall spending, delivering major projects more effectively and helping realise national policies for economic growth, social justice and the environment. |
| 590 ## - LOCAL NOTE (RLIN) | |
| Local note | IKA060606 |
| 651 #4 - SUBJECT ADDED ENTRY--GEOGRAPHIC NAME | |
| Geographic name | England |
| Chronological subdivision | 886- |
| 690 ## - LOCAL SUBJECT ADDED ENTRY--TOPICAL TERM (OCLC, RLIN) | |
| Topical term or geographic name as entry element | ENVIRONMENTAL AND LAND CONSULTANCY-PLANNING AND DEVELOPMENT-STRATEGIC PLANNING |
| 856 40 - ELECTRONIC LOCATION AND ACCESS | |
| Uniform Resource Identifier | <a href="https://www.tcpa.org.uk/news.asp">https://www.tcpa.org.uk/news.asp</a> |
| Public note | View the report free of charge at www.tcpa.org.uk... |
| 942 ## - ADDED ENTRY ELEMENTS (KOHA) | |
| Suppress in OPAC | 0 |
| Withdrawn status | Lost status | Source of classification or shelving scheme | Damaged status | Not for loan | Home library | Current library | Shelving location | Date acquired | Total Checkouts | Full call number | Barcode | Date last seen | Copy number | Price effective from | Koha item type |
|---|---|---|---|---|---|---|---|---|---|---|---|---|---|---|---|
| Dewey Decimal Classification | Virtual | Virtual | Online | 05/06/2006 | ONLINE PUBLICATION | 133704-2001 | 06/08/2019 | 1 | 06/08/2019 | Book |